Il Chi è? del Borghese : vecchi fusti e nuovi fusti /

Gespeichert in:
Bibliographische Detailangaben
Weitere Verfasser: Preda, Gianna
Format: Buch
Sprache:Italienisch
Veröffentlicht: Milano : Edizioni del Borghese, stampa 1961
Schlagworte:
Tags: Tag hinzufügen
Keine Tags, Fügen Sie das erste Tag hinzu!

MARC

LEADER 00000nam a22000007i 4500
001 IT\ICCU\RAV\0174869
003 ItRI
005 20260115232445.0
008 920128s1961 it |||||| ||||| |||||c
040 |b ita  |c importazione bologna sebina 
041 7 |a ita  |2 ISO-639-2 
082 |a 070  |9 GIORNALISMO, EDITORIA, GIORNALI  |2 20 
130 3 |a Il Chi è? del Borghese.  |3 IT\ICCU\IEI\0699672 
245 0 3 |a Il Chi è? del Borghese :  |b vecchi fusti e nuovi fusti /  |c a cura di Gianna Preda. 
246 1 3 |a Il Chi è del Borghese.  |9 IT\ICCU\USM\1690128 
260 |a Milano :  |b Edizioni del Borghese,  |c stampa 1961 
300 |a VII, 601 p. :  |b ill. ;  |c 22 cm. 
500 |a Titolo della cop.  |0 IT\ICCU\USM\1690128 
650 7 |a Italiani  |x Biografie  |x Dizionari  |2 nsbncf 
700 1 |a Preda, Gianna  |0 IT\ICCU\RAVV\068747 
942 |2 ddc  |c BK  |n 0 
952 |0 0  |1 0  |4 0  |6 DOC_070_175000000000000_PRE  |7 0  |9 26090  |a BO  |b BO  |d 2026-01-15  |i 15522  |l 0  |o DOC 070.175 PRE  |p BO15522  |r 2026-01-15 23:24:45  |w 2026-01-15  |x [Sebina 7] [1 v.]  |y BK  |z 1 v. 
999 |c 22081  |d 22081